LEADER 06276nam 2201345Ia 450 001 9910957830903321 005 20251107091804.0 010 $a979-82-16-40801-7 010 $a9798765186190 010 $a1-282-92305-6 010 $a9786612923050 010 $a1-60709-857-1 024 7 $a10.5040/9798216408017 035 $a(CKB)2670000000059771 035 $a(EBL)634215 035 $a(OCoLC)694787207 035 $a(SSID)ssj0000482660 035 $a(PQKBManifestationID)11289793 035 $a(PQKBTitleCode)TC0000482660 035 $a(PQKBWorkID)10529336 035 $a(PQKB)11304212 035 $a(SSID)ssj0000466863 035 $a(PQKBManifestationID)12169588 035 $a(PQKBTitleCode)TC0000466863 035 $a(PQKBWorkID)10466759 035 $a(PQKB)11633351 035 $a(Au-PeEL)EBL634215 035 $a(CaPaEBR)ebr10434960 035 $a(CaONFJC)MIL292305 035 $a(MiAaPQ)EBC634215 035 $a(OCoLC)1249709496$z(OCoLC)694787207$z(OCoLC)961519723$z(OCoLC)962602007$z(OCoLC)988531331$z(OCoLC)992073759$z(OCoLC)1037525052$z(OCoLC)1037900936$z(OCoLC)1038587172$z(OCoLC)1055315680$z(OCoLC)1062876208$z(OCoLC)1081206617$z(OCoLC)1083562721$z(OCoLC)1152983286$z(OCoLC)1153550730$z(OCoLC)1228565406 035 $a(UkLoBP)BP9798216408017BC 035 $a(EXLCZ)992670000000059771 100 $a20100322d2010 uy 0 101 0 $aeng 135 $aur|n|---||||| 181 $ctxt 182 $cc 183 $acr 200 00$aAlternative approaches in music education $ecase studies from the field /$fedited by Ann C. Clements 205 $a1st ed. 210 $aLanham, Md. $cRowman & Littlefield Education$dc2010 210 2$aNew York :$cBloomsbury Publishing(US),$d2010. 215 $a1 online resource (488 p.) 300 $a"Published in partnership with MENC: The National Association for Music Education." 311 08$a1-60709-856-3 311 08$a1-60709-855-5 320 $aIncludes bibliographical references. 327 $aPreface; Part 1; preK-12 Case Studies; Opening Spaces in the Instrumental Music Classroom; 1; Guitar Class and the Popular Music Ensemble; 2; Toward a New Conception of World Music Education: The Virtual Field Experience; 3; Discovering World Music and Children's Worlds: Pedagogy Responding to Children's Learning Needs; 4; The Lakewood Project: Rockin' Out with Informal Music Learning; 5; Music Tech, Adaptive Music, and Rock Band 101: Engaging Middle School-Age Students in General Music Class; 6; Rock 'n' Roll High School: A Genre Comes of Age in the Curriculum; 7 327 $aLead Lines, Licks, and Everything in Between: Popular Music in a Preschool Music Classroom8; Starting Young: Developing a Successful Instrumental Music Program in Kindergarten; 9; Music in Cyberspace: Exploring New Models in Education; 10; Exploring the Creation of Music through Film Scoring; 11; Alternatives to Music Education: East Meets West in Music Education; 12; Steel Drums in a Middle School Setting; 13; Talkin' Turkey: Incorporating Music from Turkey in the Elementary General Music Class; 14; Enhancing the Instrumental Music Program with Creativity; 15; Part 2 327 $aSchool to Community and Higher Education Case StudiesO Passo (The Step): A Critical Pedagogy for Music Education from Brazil; 16; Cultural Bearers in the Children's Choral Ensemble; 17; A Unique Collaboration: The Fairview Elementary School String Project; 18; New Wine in Old Skins: Making Music with Older Adults; 19; Compose Yourself: Older People and GarageBand; 20; Democratic Jazz: Two Perspectives on a Collaborative Improvisation Jazz Workshop; 21 327 $aIf the Shoe Fits: Tapping into the Potential of an Undergraduate Peer-Teaching Experience to Promote Music Teacher and Music Teacher Educator Socialization and Identity22; Crossing Borders: Building Bridges for an International Exchange in Music Teacher Education; 23; The Rock Project: Informal Learning in Secondary General Methods; 24; Rekindling the Playful Spirit: Learning to Teach through Play; 25; About the Contributors 330 $aThis book provides personalized case studies of music programs that are engaging in alternative approaches. The diversity of these real-world case studies will inspire questioning and curiosity, stimulate lively discussion and innovation, and provide much food for thought. 606 $aMusic$xInstruction and study$zUnited States 606 $aSchool music$xInstruction and study$zUnited States 606 $aMUSIC$xInstruction & Study$xGeneral$2bisacsh 606 $aMusic$xInstruction and study$2fast$3(OCoLC)fst01030347 606 $aSchool music$xInstruction and study$2fast$3(OCoLC)fst01107642 607 $aUnited States$2fast$1https://id.oclc.org/worldcat/entity/E39PBJtxgQXMWqmjMjjwXRHgrq 615 0$aMusic$xInstruction and study 615 0$aSchool music$xInstruction and study 615 7$aMUSIC$xInstruction & Study$xGeneral. 615 7$aMusic$xInstruction and study. 615 7$aSchool music$xInstruction and study. 676 $a780.71 701 $aClements$b Ann Callistro$01843630 712 02$aBloomsbury (Firm), 712 02$aMENC, the National Association for Music Education (U.S.) 801 0$bDLC 801 1$bDLC 801 2$bOCLCO 801 2$bOCLCF 801 2$bN$T 801 2$bCDX 801 2$bYDXCP 801 2$bE7B 801 2$bEBLCP 801 2$bABC 801 2$bAZK 801 2$bAGLDB 801 2$bICA 801 2$bMOR 801 2$bPIFAG 801 2$bZCU 801 2$bMERUC 801 2$bU3W 801 2$bD6H 801 2$bBRL 801 2$bSTF 801 2$bWRM 801 2$bVTS 801 2$bICG 801 2$bVT2 801 2$bWYU 801 2$bYOU 801 2$bA6Q 801 2$bDKC 801 2$bM8D 801 2$bUKAHL 801 2$bUKCRE 801 2$bAJS 801 2$bHS0 801 2$bS1C 801 2$bOCLCO 801 2$bOCLCQ 801 2$bOCLCO 801 2$bOCLCL 801 2$bTMA 801 2$bOCLCQ 801 2$bOCLCL 801 2$bUtOrBLW 906 $aBOOK 912 $a9910957830903321 996 $aAlternative approaches in music education$94425261 997 $aUNINA